| 000 | 006480000a22001810004500 | ||
|---|---|---|---|
| 003 | MACL | ||
| 005 | 20160518142324.0 | ||
| 008 | 160518b xxu||||| |||| 00| 0 eng d | ||
| 040 |
_aMACL _cMACL |
||
| 041 | _aHindi | ||
| 082 | _a891.433 | ||
| 100 |
_aहरनोटिया, जसराम _957981 |
||
| 245 |
_aएक बारात और चढी _cजसराम हरनोटिया |
||
| 260 |
_bआकाश पब्लिशर्स एण्ड डिस्ट्रीब्यूटर्स _c2007 _aगाजियाबाद |
||
| 350 | _a160 | ||
| 650 |
_aStories _957982 |
||
| 942 |
_cHIN _k891.433/HAR/S _2ddc |
||
| 999 |
_c42890 _d42890 |
||